公立大学の英語名から日本語名 - Statistics

General Stats
  • This quiz has been taken 40 times
  • The average score is 32 of 110
Answer Stats
英語名 大学名 % Correct
Kushiro Public University of Economics 釧路公立大学
71%
Sapporo City University 札幌市立大学
71%
Miyagi University 宮城大学
71%
Nayoro City University 名寄市立大学
68%
Akita Prefectural University 秋田県立大学
68%
Sapporo Medical University 札幌医科大学
65%
Asahikawa City University 旭川市立大学
65%
Iwate Prefectural University 岩手県立大学
65%
Aomori Public University 青森公立大学
53%
The University of Aizu 会津大学
50%
Tokyo Metropolitan University 東京都立大学
50%
Akita International University 国際教養大学
47%
Future University Hakodate 公立はこだて未来大学
44%
Saitama Prefectural University 埼玉県立大学
44%
Yokohama City University 横浜市立大学
44%
Takasaki City University of Economics 高崎経済大学
41%
Nagano University 長野大学
41%
Ishikawa Prefectural University 石川県立大学
41%
University of Shizuoka 静岡県立大学
41%
Aichi Prefectural University 愛知県立大学
41%
Nagoya City University 名古屋市立大学
41%
The University of Shiga Prefecture 滋賀県立大学
41%
Kyoto Prefectural University 京都府立大学
41%
University of Niigata Prefecture 新潟県立大学
38%
Sanjo City University 三条市立大学
38%
Yamanashi Prefectural University 山梨県立大学
38%
Toyama Prefectural University 富山県立大学
38%
Osaka Metropolitan University 大阪公立大学
38%
Maebashi Institute of Technology 前橋工科大学
35%
Tsuru University 都留文科大学
35%
The University of Nagano 長野県立大学
35%
Ishikawa Prefectural Nursing University 石川県立看護大学
35%
Aichi University of the Arts 愛知県立芸術大学
35%
Mie Prefectural College of Nursing 三重県立看護大学
35%
Osaka City University 大阪市立大学 ※募集停止
35%
Osaka Prefecture University 大阪府立大学 ※募集停止
35%
University of Hyogo 兵庫県立大学
35%
The University of Shimane 島根県立大学
35%
Okayama Prefectural University 岡山県立大学
35%
Onomichi City University 尾道市立大学
35%
Hiroshima City University 広島市立大学
35%
Shimonoseki City University 下関市立大学
35%
Gunma Prefectural Women's University 群馬県立女子大学
32%
Kawasaki City College of Nursing 川崎市立看護大学
32%
Niigata College of Nursing 新潟県立看護大学
32%
Fukui Prefectural University 福井県立大学
32%
Tsuruga Nursing University 敦賀市立看護大学
32%
Gifu College of Nursing 岐阜県立看護大学
32%
Nara Prefectural University 奈良県立大学
32%
Fukuyama City University 福山市立大学
32%
Yamaguchi Prefectural University 山口県立大学
32%
Okinawa Prefectural University of Arts 沖縄県立芸術大学
32%
Okinawa Prefectural College of Nursing 沖縄県立看護大学
32%
Nagano College of Nursing 長野県看護大学
29%
Kyoto City University of Arts 京都市立芸術大学
29%
The University of Kitakyushu 北九州市立大学
29%
Kyushu Dental University 九州歯科大学
29%
Fukuoka Prefectural University 福岡県立大学
29%
University of Nagasaki 長崎県立大学
29%
Prefectural University of Kumamoto 熊本県立大学
29%
Miyazaki Prefectural Nursing University 宮崎県立看護大学
29%
Meio University 名桜大学
29%
Kyoto Prefectural University of Medicine 京都府立医科大学
26%
Kobe City College of Nursing 神戸市看護大学
26%
University of Kochi 高知県立大学
26%
Fukuoka Women's University 福岡女子大学
26%
Gifu Pharmaceutical University 岐阜薬科大学
24%
Kobe City University of Foreign Studies 神戸市外国語大学
24%
Nara Medical University 奈良県立医科大学
24%
Chitose Institute of Science and Technology 公立千歳科学技術大学
21%
Fukushima Medical University 福島県立医科大学
21%
The University of Fukuchiyama 福知山公立大学
21%
Wakayama Medical University 和歌山県立医科大学
21%
Suwa University of Science 公立諏訪東京理科大学
18%
Kanazawa College of Art 金沢美術工芸大学
18%
Niimi University 新見公立大学
18%
Prefectural University of Hiroshima 県立広島大学
18%
Sanyo-Onoda City University 山陽小野田市立山口東京理科大学
18%
Kochi University of Technology 高知工科大学
18%
Gifu City Women's College 岐阜市立女子短期大学
18%
Kurashiki City College 倉敷市立短期大学
18%
Kagoshima Prefectural College 鹿児島県立短期大学
18%
Aomori University of Health and Welfare 青森県立保健大学
15%
Yamagata Prefectural University of Health Sciences 山形県立保健医療大学
15%
Yamagata Prefectural Yonezawa University of Nutrition Sciences 山形県立米沢栄養大学
15%
Ibaraki Prefectural University of Health Sciences 茨城県立医療大学
15%
Kanagawa University of Human Services 神奈川県立保健福祉大学
15%
Tottori University of Environmental Studies 公立鳥取環境大学
15%
Shunan University 周南公立大学
15%
Miyazaki Municipal University 宮崎公立大学
15%
Akita University of Art 秋田公立美術大学
12%
Chiba Prefectural University of Health Sciences 千葉県立保健医療大学
12%
Nagaoka Institute of Design 長岡造形大学
12%
Komatsu University 公立小松大学
12%
Shizuoka University of Art and Culture 静岡文化芸術大学
12%
Oita University of Nursing and Health Sciences 大分県立看護科学大学
12%
Tohoku Professional University of Agriculture and Forestry 東北農林専門職大学
9%
Eikei University of Hiroshima 叡啓大学
9%
Kagawa Prefectural University of Health Sciences 香川県立保健医療大学
9%
Ehime Prefectural University of Health Science 愛媛県立医療技術大学
9%
Yamagata Prefectural Yonezawa Women's Junior College 山形県立米沢女子短期大学
9%
Ohtsuki City College 大月短期大学
9%
Gunma Prefectural College of Health Sciences 群馬県立県民健康科学大学
6%
Advanced Institute of Industrial Technology 東京都立産業技術大学院大学
6%
Tsu City College 三重短期大学
6%
Institute of Advanced Media Arts and Sciences 情報科学芸術大学院大学
3%
Professional College of Arts and Tourism 芸術文化観光専門職大学
3%
Oita Prefectural College of Arts and Culture 大分県立芸術文化短期大学
3%
Shizuoka Graduate University of Public Health 静岡社会健康医学大学院大学
0%
Shizuoka Professional University of Agriculture 静岡県立農林環境専門職大学
0%
No matching quizzes found
Score Distribution
Percent of People with Each Score
Percentile by Number Answered
Your Score History
You have not taken this quiz